000
00226 a2200097 4500
001
47054
100
_a
Brodie B
245
_a
Strategy in the Missile Age
260
_a
London
_b
Princeton New Jersey
_c
090
_c
30121
_d
30121
942
_a
NUST-CAE
_c
M
_c
22361
999
_c
282127
_d
282127